Modern organisational behaviour : (Record no. 51017)

MARC details
000 -LEADER
fixed length control field 01167nam a22002657a 4500
005 - DATE AND TIME OF LATEST TRANSACTION
control field 2011031103573.0
010 ## - LCCN (DPL NO)
LC control number ENG-102109 B-452326
020 ## - INTERNATIONAL STANDARD BOOK NUMBER
International Standard Book Number 9788184840858
Terms of availability 1550.00
035 ## - SYSTEM CONTROL NUMBER
System control number EN-85642 B-452326
037 ## - SOURCE OF ACQUISITION
Source of stock number/acquisition DBAD / PUB
037 ## - SOURCE OF ACQUISITION
Source of stock number/acquisition Virtuous Pub/Ven
082 ## - DEWEY DECIMAL CLASSIFICATION NUMBER
Classification number 658.1
100 ## - MAIN ENTRY--PERSONAL NAME
Personal name Jain, J. N.
245 ## - TITLE STATEMENT
Title Modern organisational behaviour :
Statement of responsibility, etc by J. N. Jain [and] Ajay Bhola
Remainder of title principles and techniques /
260 ## - PUBLICATION, DISTRIBUTION, ETC. (IMPRINT)
Place of publication, distribution, etc New Delhi
Name of publisher, distributor, etc Regal Publications
Date of publication, distribution, etc 2010
270 ## - ADDRESS
Address F-159, Rajouri Garden
City New Delhi
Postal code 110027
300 ## - PHYSICAL DESCRIPTION
Extent x, 321p.
Dimensions 24cm (Hb)
500 ## - GENERAL NOTE
General note Includes index
700 ## - ADDED ENTRY--PERSONAL NAME
9 (RLIN) 26477
Personal name Bhola, Ajay
700 ## - ADDED ENTRY--PERSONAL NAME
9 (RLIN) 26505
942 ## - ADDED ENTRY ELEMENTS (KOHA)
Source of classification or shelving scheme Dewey Decimal Classification
Item type English Books
Call number suffix JAI
Classification part 658.1
Holdings
Withdrawn status Lost status Not for loan Collection code Home library Current library Date acquired Source of acquisition Cost, normal purchase price Full call number Barcode Copy number Cost, replacement price Koha item type
    Not For Loan Reference Central Library Central Library 13/02/2012 Virtuous Pub/686/14.10.2011/05/15.09.2011/29.11.2011 1550.00 658.1 JAI B-452326 1 1550.00 English Books
    Not For Loan Non-fiction D.B.Act.Division D.B.Act.Division 11/03/2011 DBAD/PUB 1550.00 658.1 JAI EN-85642 1 1550.00 English Books

© Delhi Public Library
Hit Counter
free hit counter